Caminando /
Memorias de Martha Sahagún, segunda esposa de Vicente Fox Quesada, quien permanecía divorciado cuando asumió la presidencia de México en 2000, una circunstancia poco común en el cargo. Nacida en Zamora en 1953, Martha María Sahagún Jiménez se desempeñó como una de las más cercanas colaboradoras del...
Kaydedildi:
| Yazar: | |
|---|---|
| Diğer Yazarlar: | |
| Materyal Türü: | Kitap |
| Dil: | İspanyolca |
| Baskı/Yayın Bilgisi: |
México :
Planeta,
2005, c2005
|
| Konular: | |
| Etiketler: |
Etiket eklenmemiş, İlk siz ekleyin!
|
MARC
| LEADER | 00000nam^a2200000^a^4500 | ||
|---|---|---|---|
| 001 | 000182296 | ||
| 005 | 20250521000000.0 | ||
| 009 | 20260310102000.647 | ||
| 020 | |a 970-37-0282-1 | ||
| 037 | |a Acervo ITESO - Biblioteca | ||
| 041 | |a ESP | ||
| 082 | |a 320. 092 |b SAH | ||
| 100 | |a Sahagún Jiménez, Martha |e (autor) | ||
| 245 | 1 | 0 | |a Caminando / |c M. Sahagún Jiménez ; colaboración de A. Espinosa Rugarcía. |
| 264 | 4 | |a México : |b Planeta, |c 2005, c2005 | |
| 300 | |a 131 p. | ||
| 336 | |a texto |b txt |2 rdacontenido | ||
| 337 | |a sin mediación |b n |2 rdamedio | ||
| 338 | |a volumen |b nc |2 rdasoporte | ||
| 520 | |a Memorias de Martha Sahagún, segunda esposa de Vicente Fox Quesada, quien permanecía divorciado cuando asumió la presidencia de México en 2000, una circunstancia poco común en el cargo. Nacida en Zamora en 1953, Martha María Sahagún Jiménez se desempeñó como una de las más cercanas colaboradoras del político durante su gestión como gobernador de Guanajuato y a lo largo de la campaña presidencial. Aunque la pareja contrajo matrimonio en julio de 2001, desde el inicio del período presidencial 2000-2006 la figura de Sahagún Jiménez ha sido ampliamente criticada y acusada de un protagonismo desmedido. En este libro, Martha Sahagún, ante la cantidad de información, verdadera e inventada, que sobre ella se ha escrito, cuenta en voz propia su propia historia; no pretende hacer una autobiografía o un libro de política, sino hablar de sus motivaciones, sus luchas, sus convicciones y sus sueños. | ||
| 649 | |a XX | ||
| 650 | |a Mujeres Mexicanas - |x Memorias | ||
| 650 | |a Políticos Mexicanos - |x Memorias | ||
| 650 | |a Jefes de Estado Mexicanos - |x Memorias | ||
| 650 | |a Política - |z México - |x Historia - |y 2000-2006 | ||
| 650 | |a Política - |z México - |x Historia - |y Siglo XXI | ||
| 650 | |a México - |x Condiciones Políticas | ||
| 650 | |a Fox Quesada, Vicente | ||
| 600 | |a Sahagún Jiménez, Martha | ||
| 700 | |a Espinosa Rugarcía, Amparo |e (colaboración) | ||
| 910 | |a Fondo General | ||
| 920 | |a Impresos - Libros | ||
| 930 | |a Colección General | ||
| 905 | |a 101 | ||
| 901 | |a 0500122145 |b IT1 |c ACC |u 20250521 | ||
| 902 | |a https://opac.biblio.iteso.mx/vufind/Record/000182296 | ||